[Event "Mikhail Tal Mem Rapid"]
[Site "Jurmala LAT"]
[Date "2017.03.04"]
[Round "1.1"]
[White "Sotsky,A"]
[Black "Shirov,A"]
[Result "0-1"]
[WhiteTitle "IM"]
[BlackTitle "GM"]
[WhiteElo "2336"]
[BlackElo "2691"]
[WhiteFideId "4130715"]
[BlackFideId "2209390"]
[EventDate "2017.03.04"]

1. d4 d5 2. Bg5 h6 3. Bh4 c5 4. Nc3 Nc6 5. e3 cxd4 6. exd4 g5 7. Bg3 a6 8. h4 g4
9. Be2 h5 10. f3 Nh6 11. Qd2 Nf5 12. Bf4 Nfxd4 13. O-O-O Bg7 14. fxg4 hxg4 15.
h5 f5 16. Bg5 Qd6 17. h6 Be5 18. Kb1 Bd7 19. Bd3 O-O-O 20. Nge2 Rdg8 21. Nxd4
Nxd4 22. Rde1 e6 23. Ne2 Nc6 24. c3 Nd8 25. g3 Nf7 26. Bf4 Bxf4 27. Nxf4 e5 28.
Ng2 Ng5 29. Ref1 Nf3 30. Qe3 Kb8 31. Nh4 e4 32. Bc2 Qxh6 0-1

[Event "Mikhail Tal Mem Rapid"]
[Site "Jurmala LAT"]
[Date "2017.03.04"]
[Round "1.2"]
[White "Onischuk,V"]
[Black "Bente,B"]
[Result "1/2-1/2"]
[WhiteTitle "GM"]
[BlackTitle "FM"]
[WhiteElo "2601"]
[BlackElo "2288"]
[WhiteFideId "14114038"]
[BlackFideId "4638611"]
[EventDate "2017.03.04"]

1. e4 g6 2. d4 Bg7 3. Nc3 c6 4. f4 d5 5. e5 Nh6 6. Nf3 f6 7. Bd3 O-O 8. exf6
exf6 9. O-O Bg4 10. h3 Bxf3 11. Qxf3 f5 12. Ne2 Nd7 13. c3 Nf6 14. g3 Qd7 15.
Kg2 Rae8 16. Ng1 Ne4 17. Qd1 Qc7 18. Nf3 Nf7 19. Ne5 Nfd6 20. Be3 Re7 21. Rc1 a6
22. Rc2 Qa5 23. a3 Qc7 24. Rh1 Re6 25. Qf3 b5 26. Bc1 Nc4 27. b3 Ncd6 28. a4
Bxe5 29. fxe5 Nf7 30. h4 h5 31. Rf1 bxa4 32. bxa4 Qa5 33. Ba3 Rb8 34. Bxe4 dxe4
35. Qe2 Qxa4 36. Bc5 Rb3 37. Ra2 Qb5 38. c4 Qb7 39. Qd2 Kg7 40. Rc1 Nh6 41. Rcc2
Ng4 42. Rcb2 Ne3+ 43. Qxe3 Rxb2+ 44. Rxb2 Qxb2+ 45. Kh3 Qb1 46. Kh2 Re8 47. Qg5
Qc2+ 48. Kh3 Qxc4 49. Qf6+ Kh7 50. Qxc6 Qf1+ 51. Kh2 Qf2+ 52. Kh3 Qf1+ 53. Kh2
Qf2+ 54. Kh1 Qf1+ 55. Kh2 1/2-1/2

[Event "Mikhail Tal Mem Rapid"]
[Site "Jurmala LAT"]
[Date "2017.03.04"]
[Round "1.3"]
[White "Orndahl,Mar"]
[Black "Kovalenko,I"]
[Result "0-1"]
[BlackTitle "GM"]
[WhiteElo "2158"]
[BlackElo "2672"]
[WhiteFideId "1709135"]
[BlackFideId "14117908"]
[EventDate "2017.03.04"]

1. e4 c5 2. Nf3 Nc6 3. Bb5 g6 4. Bxc6 bxc6 5. O-O Bg7 6. Re1 Nh6 7. h3 O-O 8. c3
f5 9. e5 Nf7 10. d4 cxd4 11. cxd4 c5 12. dxc5 Bb7 13. Bf4 e6 14. Nc3 g5 15. Bh2
Rc8 16. b4 h5 17. Nd4 g4 18. hxg4 hxg4 19. Qd2 Qh4 20. Bg3 Qh5 21. Nde2 Ng5 22.
Nf4 Qh6 23. Qxd7 Rf7 24. Qa4 0-1

[Event "Mikhail Tal Mem Rapid"]
[Site "Jurmala LAT"]
[Date "2017.03.04"]
[Round "1.4"]
[White "Fridman,D"]
[Black "Petrov,Dmitri"]
[Result "1-0"]
[WhiteTitle "GM"]
[WhiteElo "2598"]
[BlackElo "2204"]
[WhiteFideId "11600454"]
[BlackFideId "4503279"]
[EventDate "2017.03.04"]

1. Nf3 d5 2. c4 c6 3. g3 Nf6 4. Bg2 g6 5. b3 Bg7 6. Bb2 O-O 7. O-O Bg4 8. h3
Bxf3 9. Bxf3 Nbd7 10. d4 Re8 11. Bg2 dxc4 12. bxc4 e5 13. e3 exd4 14. exd4 Qb6
15. Qc2 Rad8 16. Nd2 Nf8 17. Nb3 Ne6 18. Rad1 a5 19. d5 cxd5 20. cxd5 Nf8 21.
Bd4 Qb5 22. Qc5 Qxc5 23. Nxc5 b6 24. Na6 N6d7 25. Bxg7 Kxg7 26. d6 Re2 27. a4
Rde8 28. Nc7 R8e5 29. Bc6 Rc5 30. Bb5 Rec2 31. Rde1 Rd2 32. Rd1 Rcc2 33. Rxd2
Rxd2 34. Ne8+ Kh6 35. Re1 Nc5 36. Re7 f5 37. Nf6 Rxd6 38. Ng8+ Kg5 39. f4+ Kh5
40. Be2# 1-0

[Event "Mikhail Tal Mem Rapid"]
[Site "Jurmala LAT"]
[Date "2017.03.04"]
[Round "1.5"]
[White "Berzina,I"]
[Black "Laznicka,V"]
[Result "0-1"]
[WhiteTitle "WGM"]
[BlackTitle "GM"]
[WhiteElo "2323"]
[BlackElo "2667"]
[WhiteFideId "11601345"]
[BlackFideId "316385"]
[EventDate "2017.03.04"]

1. e4 c5 2. Nf3 d6 3. Bb5+ Nc6 4. O-O Bd7 5. Re1 Nf6 6. c3 a6 7. Bf1 Bg4 8. h3
Bxf3 9. Qxf3 g6 10. Qd1 Bh6 11. d3 Bxc1 12. Qxc1 O-O 13. Nd2 e5 14. Nf3 Re8 15.
g3 d5 16. Bg2 d4 17. cxd4 cxd4 18. Qd2 Qd6 19. Rac1 Kg7 20. h4 a5 21. Bh3 a4 22.
a3 Nd7 23. h5 Nf6 24. hxg6 hxg6 25. Kg2 Rh8 26. Rh1 Rh5 27. Rh2 Ra6 28. Rch1 Ra8
29. Ng5 Na5 30. f4 Nb3 31. Qf2 Rah8 32. fxe5 Qxe5 33. Nf3 Qc5 34. Nh4 Qg5 35.
Nf3 Qb5 36. e5 Nd5 37. Nxd4 Qb6 38. Nxb3 Ne3+ 39. Kf3 Rxe5 40. Nd2 Qf6+ 41. Ke2
Ng4+ 0-1

[Event "Mikhail Tal Mem Rapid"]
[Site "Jurmala LAT"]
[Date "2017.03.04"]
[Round "1.6"]
[White "Van Wely,L"]
[Black "Bogdanov,Egor"]
[Result "1-0"]
[WhiteTitle "GM"]
[WhiteElo "2668"]
[BlackElo "2348"]
[WhiteFideId "1000268"]
[BlackFideId "14119137"]
[EventDate "2017.03.04"]

1. d4 Nf6 2. c4 g6 3. Nc3 Bg7 4. e4 O-O 5. Be2 d6 6. Nf3 e5 7. Be3 Ng4 8. Bg5 f6
9. Bh4 g5 10. Bg3 Nh6 11. O-O Nc6 12. d5 Nd4 13. Nxd4 exd4 14. Nb5 f5 15. exf5
Nxf5 16. Bg4 a6 17. Bxf5 Bxf5 18. Nxd4 Qf6 19. Nxf5 Qxf5 20. Qd2 Rae8 21. Rae1
h6 22. b3 b6 23. h3 Kh7 24. f3 h5 25. Rxe8 Rxe8 26. Re1 Rxe1+ 27. Qxe1 h4 28.
Bf2 Be5 29. Qe4 Kg6 30. Kf1 Kf6 31. Ke2 Kg6 32. Kd3 Kf6 33. Bd4 Bxd4 34. Kxd4
Qd7 35. Ke3 a5 36. a4 Kg7 37. f4 gxf4+ 38. Kxf4 Qf7+ 39. Kg4 Qf6 40. Qf4 Qc3 41.
Qg5+ Kh7 42. Qxh4+ Kg7 43. Qe7+ Kg6 44. Qe4+ Kh6 45. Qf4+ Kg6 46. Qg5+ Kf7 47.
Qf5+ Kg7 48. Qf3 Qd4+ 49. Kg3 Qe5+ 50. Kf2 Qd4+ 51. Qe3 Qb2+ 52. Kg3 Kg6 53. h4
Kh7 54. Kh3 Qb1 55. Qf3 Kh6 56. g4 Kg7 57. h5 Qc1 58. Qd3 Qh1+ 59. Kg3 Qg1+ 60.
Kf4 Qh2+ 61. Ke4 Qg2+ 62. Qf3 Qc2+ 63. Kf4 Qd2+ 64. Kg3 Qe1+ 65. Kh3 Qc1 66. Qe4
Qf1+ 67. Kg3 Qg1+ 68. Qg2 Qe3+ 69. Kh2 Kh6 70. Qg3 Qe2+ 71. Kh3 Qf1+ 72. Qg2 Qe1
73. Qf3 Qe5 74. Qf8+ Kg5 75. Qg8+ Kf4 76. Qf7+ Kg5 77. Qg6+ Kf4 78. Qh6+ Kf3 79.
Qf8+ Ke3 80. h6 Qa1 81. Kh4 Ke4 82. Qf5+ Ke3 83. Kg5 Qh8 84. Qe6+ Kd3 85. Kg6
Kc2 86. h7 Qd4 87. g5 Kxb3 88. Qf6 Qe4+ 89. Kg7 1-0

[Event "Mikhail Tal Mem Rapid"]
[Site "Jurmala LAT"]
[Date "2017.03.04"]
[Round "2.1"]
[White "Shirov,A"]
[Black "Panchenko,D"]
[Result "0-1"]
[WhiteTitle "GM"]
[BlackTitle "IM"]
[WhiteElo "2691"]
[BlackElo "2367"]
[WhiteFideId "2209390"]
[BlackFideId "4169158"]
[EventDate "2017.03.04"]

1. e4 e5 2. Nf3 Nf6 3. Nxe5 d6 4. Nf3 Nxe4 5. Nc3 Nxc3 6. dxc3 Be7 7. Be3 O-O 8.
Qd2 Nd7 9. O-O-O Re8 10. Bd3 c6 11. h4 d5 12. Kb1 Nc5 13. Bxc5 Bxc5 14. Rde1
Rxe1+ 15. Rxe1 h6 16. g3 Be6 17. Nd4 Bd7 18. Qf4 Qb8 19. Qf3 Qd6 20. a3 Re8 21.
Rxe8+ Bxe8 22. Qg4 Bxd4 23. cxd4 Bd7 24. Bf5 Bxf5 25. Qxf5 Qe6 26. Qf4 Kh7 27.
h5 a6 28. b3 Qe7 29. Kb2 g6 30. g4 Kg7 31. a4 Qf6 32. Qe3 Qe6 33. Qf4 Qe4 34.
Qxe4 dxe4 35. c4 f5 36. d5 cxd5 37. cxd5 gxh5 38. gxh5 Kf6 39. Kc3 Ke5 40. Kc4
f4 41. a5 f3 42. d6 e3 43. d7 exf2 44. d8=Q f1=Q+ 45. Kc3 Qc1+ 46. Kb4 Qe1+ 47.
Ka4 Qa1+ 0-1

[Event "Mikhail Tal Mem Rapid"]
[Site "Jurmala LAT"]
[Date "2017.03.04"]
[Round "2.2"]
[White "Kovalenko,I"]
[Black "Bernotas,A"]
[Result "1/2-1/2"]
[WhiteTitle "GM"]
[BlackTitle "FM"]
[WhiteElo "2672"]
[BlackElo "2332"]
[WhiteFideId "14117908"]
[BlackFideId "11601426"]
[EventDate "2017.03.04"]

1. d4 Nf6 2. c4 e6 3. Nf3 b6 4. a3 Ba6 5. Qb3 d5 6. cxd5 exd5 7. Nc3 Be7 8. Bg5
Bb7 9. e3 O-O 10. Rc1 Nbd7 11. Bd3 c5 12. Bb1 cxd4 13. exd4 Ne4 14. Bxe7 Qxe7
15. O-O Nxc3 16. Rxc3 Rac8 17. Re3 Qd6 18. Bf5 Rce8 19. Rfe1 Rxe3 20. Qxe3 Nf6
21. Qe7 Qb8 22. Ne5 Bc8 23. Bd3 Qb7 24. Qxb7 Bxb7 25. f3 Rc8 26. g4 h6 27. h4 g6
28. Kf2 Kg7 29. Kg3 Rc7 30. Kf2 Bc8 31. Ke3 Be6 32. Kd2 Nd7 33. Nxg6 Bxg4 34.
Ne7 Be6 35. Rg1+ Kf8 36. Ng8 h5 37. f4 Bg4 38. Nh6 Nf6 39. Bf5 Bxf5 40. Nxf5
Ne4+ 41. Kd3 Nf2+ 42. Ke3 Ng4+ 43. Kd2 Rc4 44. Re1 Nf6 45. Re5 Ne4+ 46. Kd3 Nf2+
47. Kd2 Ne4+ 48. Ke3 Nf6 49. Kd3 Rc1 50. Ng3 Rd1+ 51. Kc3 Rc1+ 52. Kd2 Rg1 53.
Nxh5 Rg2+ 54. Kc3 Nxh5 55. Rxh5 Rg4 56. Rxd5 Rxf4 57. h5 Ke7 58. Kc4 a6 59. a4
Rf2 60. b3 Rc2+ 61. Kd3 Rh2 62. a5 bxa5 63. Rxa5 Rh3+ 64. Kc4 Kd7 65. b4 Rh1 66.
Rxa6 Rxh5 67. b5 Rh1 68. Ra7+ Ke6 69. d5+ Kd6 70. Kb4 f5 71. Rf7 Rf1 72. b6 Kxd5
73. b7 Kc6 74. Ka5 Ra1+ 75. Kb4 Rb1+ 76. Kc3 Rxb7 77. Rxf5 1/2-1/2

[Event "Mikhail Tal Mem Rapid"]
[Site "Jurmala LAT"]
[Date "2017.03.04"]
[Round "2.3"]
[White "Karttunen,M"]
[Black "Fridman,D"]
[Result "0-1"]
[WhiteTitle "IM"]
[BlackTitle "GM"]
[WhiteElo "2462"]
[BlackElo "2598"]
[WhiteFideId "502081"]
[BlackFideId "11600454"]
[EventDate "2017.03.04"]

1. e4 c6 2. Nf3 d5 3. Nc3 a6 4. d4 Bg4 5. h3 Bh5 6. Be2 e6 7. O-O Nf6 8. e5 Nfd7
9. Bg5 Be7 10. Bxe7 Qxe7 11. Nd2 Bg6 12. f4 c5 13. f5 cxd4 14. fxg6 hxg6 15.
Ncb1 Nxe5 16. Nb3 Nec6 17. Kh1 Rh4 18. N1d2 e5 19. Nf3 Rh6 20. c3 dxc3 21. bxc3
e4 22. Qxd5 Rh5 23. Qd2 exf3 24. Bxf3 Re5 25. Bd5 f6 26. Rad1 Nd7 27. Bf3 Rd8
28. Nd4 Nf8 29. Qc2 Na5 30. Qa4+ Kf7 31. Rb1 Kg8 32. Bxb7 Nxb7 33. Nc6 Qe8 34.
Rxb7 Re6 35. Nxd8 Qxa4 36. Nxe6 Nxe6 37. Re1 Qc6 38. Rb4 Qxc3 39. Rb8+ Kh7 40.
Rf1 Qc4 41. Re1 Nf4 42. Rb3 g5 43. Rg1 a5 0-1

[Event "Mikhail Tal Mem Rapid"]
[Site "Jurmala LAT"]
[Date "2017.03.04"]
[Round "2.4"]
[White "Laznicka,V"]
[Black "Casper,T"]
[Result "1-0"]
[WhiteTitle "GM"]
[BlackTitle "IM"]
[WhiteElo "2667"]
[BlackElo "2374"]
[WhiteFideId "316385"]
[BlackFideId "4611403"]
[EventDate "2017.03.04"]

1. e4 e6 2. d4 d5 3. Nd2 c5 4. Ngf3 Nc6 5. exd5 exd5 6. Bb5 Bd6 7. dxc5 Bxc5 8.
O-O Ne7 9. Nb3 Bb6 10. Re1 O-O 11. Be3 Bf5 12. c3 Be4 13. Bxb6 Qxb6 14. Bd3 a5
15. Rb1 Rad8 16. Nbd4 Bg6 17. Bxg6 hxg6 18. Nxc6 Nxc6 19. Ng5 Rd6 20. Qd3 Qd8
21. Qg3 f6 22. Ne6 Rxe6 23. Rxe6 Ne5 24. Rd1 Kf7 25. Rxe5 fxe5 26. Qxe5 Re8 27.
Qd4 Re2 28. c4 Qf6 29. Qxd5+ Kf8 30. f3 Rxb2 31. Qxa5 Kg8 32. Qd8+ Qxd8 33.
Rxd8+ Kh7 34. Rd7 Rxa2 35. Rxb7 Rc2 36. Rc7 g5 37. Rc6 g6 38. h3 Kh6 39. Rc7 Rd2
40. c5 Rc2 41. c6 Rc3 42. Kf2 Rc2+ 43. Ke3 Rxg2 44. Rf7 Rc2 45. c7 1-0

[Event "Mikhail Tal Mem Rapid"]
[Site "Jurmala LAT"]
[Date "2017.03.04"]
[Round "2.5"]
[White "Rogule,L"]
[Black "Van Wely,L"]
[Result "0-1"]
[WhiteTitle "WGM"]
[BlackTitle "GM"]
[WhiteElo "2314"]
[BlackElo "2668"]
[WhiteFideId "11601876"]
[BlackFideId "1000268"]
[EventDate "2017.03.04"]

1. c4 e5 2. Nc3 Nf6 3. g3 Bb4 4. Bg2 O-O 5. Nf3 Re8 6. O-O Bxc3 7. dxc3 h6 8. c5
Nc6 9. b4 d5 10. cxd6 cxd6 11. b5 Na5 12. Qa4 Be6 13. Rd1 Qc7 14. Nd2 a6 15. b6
Qxb6 16. c4 Qc7 17. Rb1 d5 18. Ba3 dxc4 19. Bd6 Qxd6 20. Qxa5 Red8 21. Bxb7 Rab8
22. Kg2 Rxb7 23. Nf3 0-1

[Event "Mikhail Tal Mem Rapid"]
[Site "Jurmala LAT"]
[Date "2017.03.04"]
[Round "2.6"]
[White "Hansen,Eric"]
[Black "Bjerre,Jonas"]
[Result "1-0"]
[WhiteTitle "GM"]
[BlackTitle "FM"]
[WhiteElo "2616"]
[BlackElo "2340"]
[WhiteFideId "2606771"]
[BlackFideId "1444948"]
[EventDate "2017.03.04"]

1. e4 c5 2. Nf3 d6 3. Bb5+ Nd7 4. c3 Nf6 5. Qe2 a6 6. Ba4 b5 7. Bc2 e5 8. O-O g6
9. d4 Bg7 10. dxe5 dxe5 11. a4 Rb8 12. b3 O-O 13. Na3 Qb6 14. Bd3 c4 15. bxc4
bxa4 16. Nc2 a5 17. Rxa4 Nc5 18. Be3 Qc7 19. Bxc5 Qxc5 20. Rfa1 Ra8 21. Qe3 Qc7
22. Na3 Bd7 23. Nb5 Bxb5 24. cxb5 Qxc3 25. R1a3 Qc7 26. b6 Qb7 27. Rxa5 Ng4 28.
Qe1 Rad8 29. h3 Nf6 30. Qb4 Nd7 31. Rb5 Ra8 32. Rxa8 Rxa8 33. Qd6 Bf8 34. Qd5
Qxd5 35. exd5 Rb8 36. b7 Nc5 37. Nxe5 Rxb7 38. Rxb7 Nxb7 39. f4 Bc5+ 40. Kf1 Nd6
41. Ke2 f6 42. Nc6 Kf7 43. Kf3 Ke8 44. h4 Kf7 45. Nd8+ Ke7 46. Ne6 Bb4 47. g3
Ba3 48. h5 Kf7 49. g4 Bb2 50. h6 Bc3 51. Ke3 Bb2 52. Kd2 f5 53. g5 Ba3 54. Kc2
Bb4 55. Kb3 Ba5 56. Ka4 Bb6 57. Kb4 Ke7 58. Bb5 Kf7 59. Bd3 Ke7 60. Kc3 Kf7 61.
Bc2 Ke7 62. Nd4 Kf7 63. Kd3 Bc5 64. Nc6 Bb6 65. Ne5+ Kg8 66. Nd7 Ba7 67. Nf6+
Kh8 68. Ba4 Bb6 69. Bd7 Bd8 70. Be6 Be7 71. Kd4 Bd8 72. Kc5 Bxf6 73. gxf6 Ne4+
74. Kc6 Nxf6 75. d6 Nd7 76. Kxd7 g5 77. Ke7 g4 78. d7 g3 79. d8=Q# 1-0

[Event "Mikhail Tal Mem Rapid"]
[Site "Jurmala LAT"]
[Date "2017.03.04"]
[Round "3.2"]
[White "Glud,J"]
[Black "Laznicka,V"]
[Result "1-0"]
[WhiteTitle "GM"]
[BlackTitle "GM"]
[WhiteElo "2522"]
[BlackElo "2667"]
[WhiteFideId "1407767"]
[BlackFideId "316385"]
[EventDate "2017.03.04"]

1. c4 c6 2. Nf3 d5 3. g3 Bg4 4. Bg2 e6 5. O-O Nd7 6. d3 Ngf6 7. Nbd2 Be7 8. b3
O-O 9. Bb2 Qb8 10. Rc1 Re8 11. Qc2 a5 12. a3 Bf8 13. Rfe1 e5 14. e3 h6 15. Nh4
b5 16. h3 Be6 17. g4 bxc4 18. bxc4 Qd8 19. Nhf3 Bd6 20. d4 e4 21. Ne5 Bxe5 22.
dxe5 Nh7 23. cxd5 cxd5 24. Qc7 Qh4 25. f4 exf3 26. Nxf3 Qg3 27. Bd4 h5 28. e4
hxg4 29. Bf2 Qf4 30. Be3 Qxe4 31. Nd4 Qxe5 32. Nxe6 Qxe6 33. Bd4 Qf5 34. Rf1 Qd3
35. Rcd1 Qb5 36. a4 Qxa4 37. Bxd5 Rac8 38. Rxf7 Qxd1+ 39. Rf1+ Kh8 40. Bxg7+
Kxg7 41. Qxd7+ Kh6 42. Rxd1 Nf6 43. Qf5 Nxd5 44. Rxd5 Rc1+ 45. Kf2 g3+ 46. Kxg3 1-0

[Event "Mikhail Tal Mem Rapid"]
[Site "Jurmala LAT"]
[Date "2017.03.04"]
[Round "3.3"]
[White "Van Wely,L"]
[Black "Vavulin,M"]
[Result "1-0"]
[WhiteTitle "GM"]
[BlackTitle "IM"]
[WhiteElo "2668"]
[BlackElo "2604"]
[WhiteFideId "1000268"]
[BlackFideId "4169530"]
[EventDate "2017.03.04"]

1. d4 Nf6 2. c4 e6 3. g3 c5 4. d5 exd5 5. cxd5 d6 6. Nc3 g6 7. Bg2 Bg7 8. Nf3
O-O 9. O-O Na6 10. h3 Re8 11. Nd2 Nc7 12. a4 b6 13. Nc4 Ba6 14. Qb3 Bxc4 15.
Qxc4 Nd7 16. Kh2 a6 17. e4 Rb8 18. Qe2 b5 19. Be3 Ne5 20. axb5 axb5 21. f4 Nc4
22. Bc1 f5 23. e5 dxe5 24. Nxb5 exf4 25. Qxc4 fxg3+ 26. Kh1 Nxb5 27. Qxc5 Be5
28. Ra6 Nd6 29. Re1 Qh4 30. Be3 Ne4 31. Qc6 Nf2+ 32. Kg1 Nxh3+ 33. Kf1 Nf4 34.
Ra4 Rec8 35. Qd7 Rd8 36. Qc6 Rxb2 37. Rxf4 Bxf4 38. Qe6+ Kg7 39. Bd4+ Kh6 40.
Bxb2 Bd2 41. Qe5 Qc4+ 42. Re2 Bf4 43. Qg7+ Kg5 44. Qe7+ Kg4 45. Qxd8 Be3 46. Qd6
Qd3 47. Qb4+ f4 48. Qc3 Qb5 49. d6 h5 50. Qc6 Qd3 51. Qf3+ Kh4 52. Bf6+ g5 53.
Qd5 Qxd5 54. Bxd5 Kg4 55. d7 Bb6 56. Kg2 h4 57. Be6+ Kh5 58. d8=Q Bxd8 59. Bxd8
g4 60. Re5+ 1-0

[Event "Mikhail Tal Mem Rapid"]
[Site "Jurmala LAT"]
[Date "2017.03.04"]
[Round "3.4"]
[White "Krivonosov,O"]
[Black "Hansen,Eric"]
[Result "0-1"]
[WhiteTitle "IM"]
[BlackTitle "GM"]
[WhiteElo "2447"]
[BlackElo "2616"]
[WhiteFideId "11600349"]
[BlackFideId "2606771"]
[EventDate "2017.03.04"]

1. Nf3 g6 2. c4 Bg7 3. e4 e5 4. d4 exd4 5. Nxd4 Nf6 6. Nc3 O-O 7. Bd3 c6 8. O-O
d5 9. exd5 cxd5 10. cxd5 Nxd5 11. Be4 Nxc3 12. bxc3 Qa5 13. Qb3 Nd7 14. Qa3 Qe5
15. Bf3 a6 16. Be3 Nf6 17. h3 Rb8 18. Rab1 Qc7 19. Qb4 Re8 20. Nc6 Ra8 21. Bb6
Qd7 22. Rbd1 Qe6 23. Na5 Nd7 24. Bd4 Rb8 25. Bxg7 Kxg7 26. c4 Qf6 27. Qd6 Qxd6
28. Rxd6 Ne5 29. Bd5 b6 30. Nc6 Nxc6 31. Rxc6 Bf5 32. Rc7 Be6 33. Rd1 Rbd8 34.
Rb1 Bxd5 35. cxd5 Rxd5 36. Rxb6 Re1+ 37. Kh2 Re2 38. Rc3 Rxf2 39. Rxa6 Rdd2 40.
Rg3 h5 41. h4 Rf4 42. Raa3 Rxh4+ 43. Rh3 Re4 0-1

[Event "Mikhail Tal Mem Rapid"]
[Site "Jurmala LAT"]
[Date "2017.03.04"]
[Round "3.5"]
[White "Jumabayev,R"]
[Black "Kantans,T"]
[Result "0-1"]
[WhiteTitle "GM"]
[BlackTitle "IM"]
[WhiteElo "2611"]
[BlackElo "2452"]
[WhiteFideId "13702661"]
[BlackFideId "11602945"]
[EventDate "2017.03.04"]

1. d4 Nf6 2. c4 g6 3. g3 Bg7 4. Bg2 d5 5. cxd5 Nxd5 6. Nf3 O-O 7. O-O Nb6 8. Nc3
Nc6 9. d5 Na5 10. Qc2 Bf5 11. e4 Bg4 12. Bf4 c6 13. Ne5 Bh5 14. h4 Rc8 15. Rfe1
cxd5 16. exd5 Nac4 17. Qb3 Bxe5 18. Bxe5 Nd2 19. Qb5 Nf3+ 20. Kh1 Nxe1 21. Rxe1
Bg4 22. Bd4 Re8 23. Qd3 Nc4 24. Ne4 Bf5 25. Bc3 Qb6 26. Qe2 e5 27. Ng5 Nd6 28.
g4 Bd7 29. Kg1 Nb5 30. Ne4 f5 31. gxf5 gxf5 32. Ng5 Nxc3 33. bxc3 Rxc3 34. Qd2
Qd4 35. Qb2 b5 36. Nf3 Qc5 37. Qd2 f4 38. Nxe5 b4 39. Qxf4 Qe7 40. d6 Qxd6 41.
Re4 Rf8 42. Qg5+ Kh8 43. Nxd7 Qxd7 44. Re7 Qd1+ 45. Kh2 Qd6+ 46. Kg1 Qf6 47.
Qxf6+ Rxf6 48. Rxa7 Rc1+ 49. Kh2 Rxf2 50. Kg3 Rfc2 51. Bd5 Rc7 52. Ra8+ Kg7 53.
Ra4 Rd1 54. Bb3 Rd4 55. h5 Rc3+ 56. Kf2 Rd2+ 57. Ke1 Rh2 58. Ra7+ Kf6 59. Kd1
Rg3 60. Rf7+ Ke5 61. Rf1 Rxh5 62. Kc1 Rh2 63. Re1+ Kd4 64. Kb1 h5 65. Rd1+ Rd3
66. Rc1 Rc3 67. Rd1+ Ke3 68. Rd5 Rd3 69. Rb5 Rd4 70. Re5+ Re4 71. Rb5 h4 72. Rh5
h3 0-1

[Event "Mikhail Tal Mem Rapid"]
[Site "Jurmala LAT"]
[Date "2017.03.04"]
[Round "3.6"]
[White "Sveshnikov,E"]
[Black "Fedorov,Alex"]
[Result "1/2-1/2"]
[WhiteTitle "GM"]
[BlackTitle "GM"]
[WhiteElo "2493"]
[BlackElo "2589"]
[WhiteFideId "4100638"]
[BlackFideId "13500465"]
[EventDate "2017.03.04"]

1. e4 c5 2. c3 d6 3. d4 Nf6 4. f3 Nc6 5. Be3 e6 6. Qd2 d5 7. e5 Nd7 8. f4 Rb8 9.
Nf3 b5 10. Be2 Qb6 11. O-O b4 12. Rc1 cxd4 13. cxd4 Ba6 14. Bxa6 Qxa6 15. Qc2
Rc8 16. Nbd2 Be7 17. Ne1 O-O 18. Qd3 Qxd3 19. Nxd3 Na5 20. Kf2 Nc4 21. b3 Na3
22. Rxc8 Rxc8 23. Rc1 Rxc1 24. Nxc1 Nb8 25. Ke2 Nc6 26. Kd3 f5 27. exf6 gxf6 28.
g4 e5 29. dxe5 fxe5 30. fxe5 Nxe5+ 31. Ke2 Nxg4 32. Bxa7 Nxh2 33. Nd3 Nb5 34.
Bb8 Ng4 35. Nf4 Nf6 36. Be5 Nc3+ 37. Kd3 Nxa2 38. Bxf6 Bxf6 39. Nxd5 Kf7 40. Ne4
Be7 41. Nxe7 Kxe7 42. Kd4 Kf7 43. Ke5 Kg6 44. Kf4 Nc3 45. Nc5 Kf6 46. Nd3 Nd5+
47. Kg4 Kg6 48. Ne5+ Kg7 49. Nd3 Ne3+ 50. Kg5 Nc2 51. Kh5 h6 52. Nf4 Nd4 53. Nd5 1/2-1/2

[Event "Mikhail Tal Mem Rapid"]
[Site "Jurmala LAT"]
[Date "2017.03.04"]
[Round "4.1"]
[White "Ehlvest,J"]
[Black "Fridman,D"]
[Result "1-0"]
[WhiteTitle "GM"]
[BlackTitle "GM"]
[WhiteElo "2536"]
[BlackElo "2598"]
[WhiteFideId "4500016"]
[BlackFideId "11600454"]
[EventDate "2017.03.04"]

1. e4 e6 2. d4 d5 3. Nc3 Nf6 4. e5 Nfd7 5. Nce2 c5 6. c3 Nc6 7. Nf3 b5 8. a3 a5
9. h4 Ba6 10. Nf4 h6 11. Bd3 Qb6 12. Be3 cxd4 13. cxd4 b4 14. O-O Be7 15. Qd2 a4
16. Bxa6 Rxa6 17. Nh5 Bf8 18. axb4 Qxb4 19. Qxb4 Nxb4 20. Rfc1 Kd8 21. Rc3 Nb6
22. Nd2 Kd7 23. g4 Be7 24. Kg2 g6 25. Nf6+ Bxf6 26. exf6 h5 27. Bf4 Ra7 28. Nf3
Nc6 29. gxh5 Rxh5 30. Ng5 Nc4 31. b3 Nd6 32. Rxa4 Rxa4 33. bxa4 Nxd4 34. Bxd6
Kxd6 35. Nxf7+ Kd7 36. Ng5 Rxh4 37. f7 Rg4+ 38. Kf1 Rf4 39. Rh3 Ke7 40. Rh8 1-0

[Event "Mikhail Tal Mem Rapid"]
[Site "Jurmala LAT"]
[Date "2017.03.04"]
[Round "4.2"]
[White "Kantans,T"]
[Black "Van Wely,L"]
[Result "0-1"]
[WhiteTitle "IM"]
[BlackTitle "GM"]
[WhiteElo "2452"]
[BlackElo "2668"]
[WhiteFideId "11602945"]
[BlackFideId "1000268"]
[EventDate "2017.03.04"]

1. e4 c5 2. Nf3 d6 3. d4 cxd4 4. Nxd4 Nf6 5. Nc3 a6 6. Bg5 Nbd7 7. f4 Qc7 8. Qf3
e6 9. O-O-O b5 10. g4 Bb7 11. Bd3 b4 12. Nce2 Nc5 13. Ng3 Be7 14. Kb1 h6 15.
Bxf6 Bxf6 16. Qe3 g6 17. Rhe1 O-O-O 18. Bf1 e5 19. Nf3 exf4 20. Qxf4 Bg7 21. Bc4
Na4 22. Qxf7 Nxb2 23. Be6+ Kb8 24. Qxc7+ Kxc7 25. Rd4 Rhf8 26. Rxb4 Rxf3 27. e5
dxe5 28. Rxb2 e4 29. Rb3 Bc3 30. Rc1 Bc6 31. Bc4 a5 32. Be2 Re3 33. Nf1 Rh3 34.
Bd3 Be5 35. Be2 Rh4 36. Rd1 Rf8 37. a3 Ba4 38. Re3 Rb8+ 39. Kc1 Bf4 40. Rd4 Bc6
41. Kd2 Rb1 42. Rc4 Kb6 43. Rc3 a4 44. Ng3 Rxh2 45. Rc4 Rh3 0-1

[Event "Mikhail Tal Mem Rapid"]
[Site "Jurmala LAT"]
[Date "2017.03.04"]
[Round "4.3"]
[White "Hansen,Eric"]
[Black "Stocek,J"]
[Result "0-1"]
[WhiteTitle "GM"]
[BlackTitle "GM"]
[WhiteElo "2616"]
[BlackElo "2568"]
[WhiteFideId "2606771"]
[BlackFideId "304760"]
[EventDate "2017.03.04"]

1. e4 e6 2. d4 d5 3. Nc3 Nf6 4. Bg5 Be7 5. e5 Nfd7 6. h4 h6 7. Be3 c5 8. dxc5
Nc6 9. Qg4 d4 10. Bxd4 Nxd4 11. Qxd4 Bxc5 12. Qf4 Qb6 13. O-O-O Bxf2 14. Rh3
Bxg1 15. Ne4 O-O 16. c3 f6 17. Bc4 Nxe5 18. Bb3 Kh8 19. g4 Nxg4 20. Qxg4 e5 21.
Qg2 Bxh3 22. Qxh3 Rad8 23. Re1 f5 24. Ng3 Bf2 25. Rxe5 Qd6 0-1

[Event "Mikhail Tal Mem Rapid"]
[Site "Jurmala LAT"]
[Date "2017.03.04"]
[Round "4.4"]
[White "Neiksans,A"]
[Black "Glud,J"]
[Result "1-0"]
[WhiteTitle "GM"]
[BlackTitle "GM"]
[WhiteElo "2613"]
[BlackElo "2522"]
[WhiteFideId "11601388"]
[BlackFideId "1407767"]
[EventDate "2017.03.04"]

1. c4 e6 2. Nf3 d5 3. g3 Nf6 4. Bg2 g6 5. d4 Bg7 6. Nbd2 O-O 7. O-O Nbd7 8. Qc2
b6 9. b3 Bb7 10. Bb2 Rc8 11. cxd5 Nxd5 12. Nc4 N7f6 13. Rac1 Nb4 14. Qd2 a5 15.
a3 Nbd5 16. Nfe5 Nd7 17. e4 Nxe5 18. Nxe5 Ne7 19. Rfd1 f5 20. d5 fxe4 21. dxe6
Qxd2 22. Rxd2 Bh6 23. Rd7 Bxc1 24. Bxc1 Rf5 25. Rxe7 Rxe5 26. Bb2 Rd5 27. Rg7+
Kf8 28. Bf6 Rd1+ 29. Bf1 Ba6 30. Rxh7 1-0